| 000 | 00624 a2200181 4500 | ||
|---|---|---|---|
| 003 | Nust | ||
| 005 | 20170207153155.0 | ||
| 040 | _cNust | ||
| 082 | _a005.8 | ||
| 100 | _aTahir, Ruhma (MSIS-5) | ||
| 245 |
_aA lightweight rabbit based security architecture for wireless sensor networks _cRuhma Tahir |
||
| 260 |
_bMCS NUST) _cMay, 2008 _aRawalpindi |
||
| 300 | _axiii,66 ,p. | ||
| 505 | _aIntroduction (page-1) Literature review (page-5) Lrsa architecture (page-18) Implementation (page-34) Evalution of LRSA (page-42) Conclusion (page-56) | ||
| 538 | _aAlmirah No.70 Shelf No.4 | ||
| 650 | _aPG Thesis | ||
| 651 | _aMSIS-5 | ||
| 942 | _cTHS | ||
| 999 |
_c180731 _d180731 |
||